000 00825nam a2200181 i 4500
001 20826
003 ES-MaACL
005 20250828083958.0
007 t|
008 021119s1934 sz ||||1| fre d
245 0 2 _aL'Admission aux écoles secondaires d'après les données fournies par les ministères de l'instruction publique.
260 _aGeneve :
_bBureau International d'Education,
_c1934 (
_fLyon Bosch freres)
300 _a222 p. ;
_c24 cm.
500 _aEn la cubierta: IIIe conférence internationale de l'instruction publique. Genève 1934. L'admission aux écoles secondaires (Troisième question à l'ordre du jour). - Numéro des "Publications du Bureau international d'éducation", n° 34.
710 2 0 _aOficina Internacional de Educación
_96022
852 _aES-MaACL
_jA-2954
999 _c20826
_d20826